[Event "C.to Regionale Piemonte"]
[Site "Torino ITA"]
[Date "2008.04.26"]
[Round "8"]
[White "Moncelli, Giorgio"]
[Black "Angioni, Gian Carlo"]
[Result "1-0"]
[WhiteElo "2099"]
[BlackElo "1825"]
[PlyCount "63"]
[EventDate "2008.04.20"]

1. d4 d5 2. c4 c6 3. Nf3 Nf6 4. Nc3 e6 5. g3 dxc4 6. Bg2 Nbd7 7. O-O Be7 8. e4
Qa5 9. Qe2 O-O 10. Qxc4 c5 11. d5 exd5 12. exd5 Nb6 13. Qe2 Nbxd5 14. Nxd5 Nxd5
15. Nd2 Nf4 16. gxf4 Bf6 17. Nb3 Qc7 18. Be3 c4 19. Rac1 Be6 20. Nc5 c3 21.
Nxe6 fxe6 22. bxc3 Rad8 23. Rfd1 e5 24. Rxd8 Rxd8 25. f5 Qc8 26. Be4 a6 27. Rd1
Rf8 28. c4 Kh8 29. c5 Be7 30. Qc4 b5 31. Qe6 Qe8 32. Qd7 1-0

[Event "C.to Regionale Piemonte"]
[Site "Torino ITA"]
[Date "2008.04.26"]
[Round "8"]
[White "Parodi, Alessandro"]
[Black "Martin, Tiziano"]
[Result "1-0"]
[WhiteElo "2041"]
[BlackElo "1977"]
[PlyCount "139"]
[EventDate "2008.04.20"]

1. d4 d6 2. c4 e5 3. Nf3 Nd7 4. e4 Ngf6 5. Nc3 Be7 6. d5 O-O 7. b4 a5 8. Ba3
axb4 9. Bxb4 Re8 10. Be2 b6 11. a4 Nc5 12. Qc2 Nb7 13. O-O Bf8 14. Nd2 Nd7 15.
Bg4 Qg5 16. Nb5 Nf6 17. Bxc8 Rexc8 18. Nb3 Nc5 19. Nc3 Nxb3 20. Qxb3 Qh4 21. f3
g6 22. Nb5 Bh6 23. g3 Qh3 24. Nxc7 Rxc7 25. Bxd6 Rcc8 26. Bxe5 Bg7 27. Qb2 Nh5
28. Bxg7 Nxg7 29. Qd4 Rc5 30. Rfb1 Rac8 31. Rb4 Nh5 32. Ra3 Ng7 33. Rc3 Qd7 34.
g4 h5 35. h3 hxg4 36. hxg4 Ra5 37. Qxb6 Rxa4 38. c5 Ra1+ 39. Kg2 Qe7 40. Rbc4
Qg5 41. c6 Nh5 42. Qe3 Nf4+ 43. Kg3 Rh1 44. Qa7 Rh2 45. Rc2 Rh3+ 46. Kf2 Qh4+
47. Ke3 Qg3 48. Rf2 Ng2+ 49. Ke2 Rh1 50. Rc2 Nf4+ 51. Kd2 Qg1 52. Kc3 Qe1+ 53.
Kc4 Qd1 54. Qd4 Qb1 55. Qb2 Qxb2 56. Rxb2 Rc1+ 57. Rfc2 Rf1 58. Rc3 Ra1 59. Kc5
Ra6 60. Kd6 Kf8 61. Kd7 Re8 62. d6 Ne6 63. c7 Raa8 64. Rc4 Rec8 65. Ra2 Rxa2
66. Kxc8 Rd2 67. Kd7 Nxc7 68. Rxc7 g5 69. Rc8+ Kg7 70. Ke7 1-0

[Event "C.to Regionale Piemonte"]
[Site "Torino ITA"]
[Date "2008.04.26"]
[Round "8"]
[White "Rasulo, Stefano"]
[Black "Leoni, Alessandro"]
[Result "0-1"]
[WhiteElo "1614"]
[BlackElo "1897"]
[PlyCount "104"]
[EventDate "2008.04.20"]

1. e4 c5 2. Nf3 a6 3. c3 d5 4. exd5 Nf6 5. d4 cxd4 6. cxd4 Nxd5 7. Nc3 Nc6 8.
Bc4 Nb6 9. Be2 Bf5 10. Be3 e6 11. O-O Be7 12. Ne5 Nb4 13. a3 Nc2 14. Rc1 Nxe3
15. fxe3 O-O 16. Bd3 Bg5 17. Qe2 Bxd3 18. Qxd3 Nd5 19. Nxd5 exd5 20. Rc2 Rc8
21. Rxc8 Qxc8 22. e4 f6 23. Nf3 dxe4 24. Qxe4 Re8 25. Qd5+ Qe6 26. Qxe6+ Rxe6
27. Nxg5 fxg5 28. d5 Re2 29. Rd1 Kf7 30. b4 Ke7 31. Rd3 Kd6 32. Rf3 Kxd5 33.
Rf5+ Kc4 34. Rxg5 g6 35. Rg3 Rb2 36. Rh3 h5 37. Rg3 Ra2 38. Rxg6 Rxa3 39. Rb6
Rb3 40. Rxb7 Rxb4 41. Ra7 Rb6 42. Kf1 Kb4 43. Ke1 a5 44. Kd2 a4 45. Kc2 Rg6 46.
g3 Rf6 47. Kc1 Rf1+ 48. Kd2 Rf2+ 49. Kc1 Rxh2 50. Rf7 a3 51. Rf4+ Kc5 52. g4 a2
0-1

[Event "C.to Regionale Piemonte"]
[Site "Torino ITA"]
[Date "2008.04.26"]
[Round "8"]
[White "Saccona, Silvano"]
[Black "Barletta, Mauro"]
[Result "1/2-1/2"]
[WhiteElo "2178"]
[BlackElo "2205"]
[PlyCount "114"]
[EventDate "2008.04.20"]

1. e4 c6 2. d4 d5 3. exd5 cxd5 4. Bd3 Nc6 5. c3 Nf6 6. h3 e5 7. dxe5 Nxe5 8.
Qe2 Qe7 9. Bc2 Ne4 10. Be3 Bd7 11. Nd2 Nxd2 12. Bxd2 Nc4 13. Bc1 O-O-O 14. Qxe7
Bxe7 15. Nf3 Bf6 16. O-O Rhe8 17. Rd1 Bc6 18. Bd3 Kb8 19. Nd4 Bd7 20. Kf1 Be5
21. b3 Nd6 22. Bb2 Bxd4 23. cxd4 Bb5 24. Rac1 b6 25. Bxb5 Nxb5 26. Rc2 Rc8 27.
Rcd2 Re6 28. f3 h5 29. Kf2 Kb7 30. Rg1 h4 31. g3 hxg3+ 32. Rxg3 g6 33. Rg5 Nc7
34. Rc2 Rh8 35. Kg2 Re1 36. Re5 Rxe5 37. dxe5 Rd8 38. Rd2 Ne6 39. Bd4 Re8 40.
Bb2 Rd8 41. Bd4 Kc6 42. Kg3 Nxd4 43. Rxd4 Kc5 44. Rd1 d4 45. Kf4 Kd5 46. Rc1
Rd7 47. Rc4 b5 48. Rc8 a6 49. h4 d3 50. Ke3 Kxe5 51. Rc5+ Rd5 52. f4+ Kd6 53.
Rxd5+ Kxd5 54. Kxd3 a5 55. Ke3 f5 56. Kd3 Kc5 57. Kc3 b4+ 1/2-1/2

[Event "C.to Regionale Piemonte"]
[Site "Torino ITA"]
[Date "2008.04.26"]
[Round "8"]
[White "Sattanino, Andrea"]
[Black "Gussone, Claudio"]
[Result "0-1"]
[WhiteElo "1840"]
[BlackElo "1853"]
[PlyCount "70"]
[EventDate "2008.04.20"]

1. d4 d6 2. c4 Nf6 3. Nc3 g6 4. e4 Bg7 5. f3 O-O 6. Be3 e5 7. d5 Nh5 8. Qd2
Qh4+ 9. Bf2 Qe7 10. g4 Nf6 11. Nge2 a5 12. Ng3 Na6 13. Be3 Re8 14. Be2 Nc5 15.
h4 c6 16. h5 cxd5 17. hxg6 fxg6 18. exd5 e4 19. g5 exf3 20. gxf6 Qxe3 21. Qxe3
Rxe3 22. Kd2 Rxe2+ 23. Ngxe2 Bxf6 24. Ng3 Bg5+ 25. Kc2 Bf4 26. Nce4 Bf5 27.
Nxf5 Nxe4 28. Nh6+ Kg7 29. Ng4 h5 30. Rhe1 hxg4 31. Rxe4 g5 32. Rae1 Rf8 33.
Re6 f2 34. Rh1 Rf6 35. Re7+ Kg6 0-1

[Event "C.to Regionale Piemonte"]
[Site "Torino ITA"]
[Date "2008.04.26"]
[Round "8"]
[White "Sola, Giuseppe"]
[Black "Medaglia, Enzo"]
[Result "1-0"]
[WhiteElo "1989"]
[BlackElo "1820"]
[PlyCount "85"]
[EventDate "2008.04.20"]

1. e4 c5 2. c3 Nc6 3. d4 cxd4 4. cxd4 e6 5. d5 exd5 6. exd5 Ne5 7. Qd4 d6 8.
Nc3 Nf6 9. Bf4 Ng6 10. Bg3 Be7 11. Bd3 O-O 12. Nf3 Nd7 13. O-O Bf6 14. Qb4 Nde5
15. Bxg6 Nxf3+ 16. gxf3 fxg6 17. Qxd6 Qxd6 18. Bxd6 Rd8 19. Bc7 Rd7 20. d6 b6
21. Rab1 Bb7 22. Ne4 Bd8 23. Rbc1 Rc8 24. Rc3 Bxc7 25. Rfc1 Bxe4 26. fxe4 Rxd6
27. Rxc7 Rd1+ 28. Rxd1 Rxc7 29. Rd2 Kf7 30. f3 g5 31. Kf2 Ke6 32. Ke3 h5 33. h3
g6 34. Rd5 Rc5 35. Kd4 a5 36. a4 Rxd5+ 37. exd5+ Kd6 38. b3 h4 39. Ke4 g4 40.
fxg4 g5 41. Kd4 Ke7 42. Ke5 Kd7 43. d6 1-0

[Event "C.to Regionale Piemonte"]
[Site "Torino ITA"]
[Date "2008.04.26"]
[Round "8"]
[White "Sorcinelli, Francesco"]
[Black "Finocchiaro, Gianluca"]
[Result "1-0"]
[WhiteElo "2078"]
[BlackElo "1991"]
[PlyCount "123"]
[EventDate "2008.04.20"]

1. d4 d5 2. Nf3 Nf6 3. c4 e6 4. g3 Be7 5. Bg2 O-O 6. O-O c6 7. b3 Nbd7 8. Qc2
Ne4 9. Nfd2 f5 10. f3 Nxd2 11. Bxd2 Nf6 12. Be3 Bd7 13. Bf2 Be8 14. Nd2 Bg6 15.
Qd1 Qd7 16. h3 Rad8 17. c5 Qc7 18. f4 Ne4 19. Bxe4 dxe4 20. b4 b6 21. Qc2 bxc5
22. bxc5 Bh5 23. Nc4 g5 24. e3 gxf4 25. gxf4 Kh8 26. Kh2 Rg8 27. Rg1 Bf6 28.
Ne5 Bxe5 29. fxe5 Rg6 30. Bh4 Rdg8 31. Rab1 Bf3 32. Rg3 h5 33. Rxg6 Rxg6 34.
Rg1 Rxg1 35. Kxg1 Qb7 36. Kh2 Qb5 37. Kg3 Qe2 38. Qb1 Qg2+ 39. Kf4 Qh2+ 40. Kg5
Qg2+ 41. Kf6 Qg8 42. Qb7 Bg2 43. Qf7 Qd8+ 44. Kg6 Qg8+ 45. Qxg8+ Kxg8 46. Kf6
Bxh3 47. Kxe6 f4+ 48. Kd6 fxe3 49. Kxc6 Kf7 50. d5 e2 51. e6+ Ke8 52. Kb7 e3
53. Kxa7 Bf5 54. Kb6 e1=Q 55. Bxe1 Kd8 56. a4 Bc2 57. a5 Bb3 58. Kc6 Bc4 59.
Kd6 Bb5 60. c6 Ba6 61. Kc5 Ke8 62. d6 1-0

[Event "C.to Regionale Piemonte"]
[Site "Torino ITA"]
[Date "2008.04.26"]
[Round "8"]
[White "Sorgi, Paolo"]
[Black "Pitrola, Carlo"]
[Result "1/2-1/2"]
[WhiteElo "1922"]
[BlackElo "1827"]
[PlyCount "63"]
[EventDate "2008.04.20"]

1. e4 e6 2. d4 d5 3. Nc3 Bb4 4. e5 c5 5. a3 Bxc3+ 6. bxc3 Qc7 7. Qg4 Ne7 8.
Qxg7 Rg8 9. Qxh7 cxd4 10. Qd3 Nbc6 11. cxd4 Nxe5 12. Qb3 N5c6 13. Nf3 Nf5 14.
c3 Bd7 15. Bd2 Rc8 16. g3 Na5 17. Qb4 Nc6 18. Qb2 a6 19. a4 Na7 20. Ne5 Nd6 21.
Bd3 f6 22. Nxd7 Qxd7 23. Qb6 Nc6 24. Rb1 e5 25. h4 exd4 26. cxd4 Qg4 27. Bf4
Qf3 28. O-O Qxf4 29. Qc5 Rxg3+ 30. fxg3 Qxg3+ 31. Kh1 Qh3+ 32. Kg1 1/2-1/2

[Event "C.to Regionale Piemonte"]
[Site "Torino ITA"]
[Date "2008.04.26"]
[Round "8"]
[White "Termini, Luigi Robert"]
[Black "Berutti, Mario"]
[Result "0-1"]
[WhiteElo "1459"]
[BlackElo "1757"]
[PlyCount "98"]
[EventDate "2008.04.20"]

1. c4 e6 2. Nc3 d5 3. cxd5 exd5 4. e3 c6 5. g3 Bd6 6. Nf3 Bg4 7. Bg2 Nd7 8. d4
f5 9. Qc2 Ngf6 10. h3 Bxf3 11. Bxf3 Ne4 12. Bg2 O-O 13. Nxe4 fxe4 14. Bd2 Qg5
15. h4 Qg6 16. Bc3 Bxg3 17. Rf1 Bxh4 18. Bh3 Qd6 19. O-O-O b5 20. Qd2 Qc7 21.
Bb4 Rf6 22. Be7 Rh6 23. Bxd7 Bxe7 24. Bg4 b4 25. Kb1 Rf8 26. f3 Rh2 27. Rf2
Rxf2 28. Qxf2 exf3 29. Bxf3 Qd7 30. Ka1 Qf5 31. Rf1 a5 32. Qe2 Qh3 33. Bg2
Rxf1+ 34. Bxf1 Qg3 35. Kb1 Bh4 36. Kc2 Qf2 37. Kd3 Qxe2+ 38. Bxe2 g5 39. Bg4
Kf7 40. Bh5+ Ke6 41. e4 Bf2 42. Bg4+ Kf6 43. Bd7 h5 44. Bxc6 dxe4+ 45. Bxe4 g4
46. d5 h4 47. Ke2 Bd4 48. b3 h3 49. Kf1 a4 0-1

[Event "C.to Regionale Piemonte"]
[Site "Torino ITA"]
[Date "2008.04.26"]
[Round "8"]
[White "Torrione, William"]
[Black "Zunino, Davide"]
[Result "1/2-1/2"]
[WhiteElo "1935"]
[BlackElo "1986"]
[PlyCount "33"]
[EventDate "2008.04.20"]

1. d4 Nf6 2. c4 e5 3. dxe5 Ng4 4. Nf3 Bc5 5. e3 Nc6 6. Be2 O-O 7. O-O Re8 8.
Nc3 Ngxe5 9. Nxe5 Nxe5 10. a3 a5 11. b3 Ra6 12. Ne4 Ba7 13. Ng3 Qh4 14. Nf5 Qe4
15. Ng3 Qh4 16. Nf5 Qe4 17. Ng3 1/2-1/2

[Event "C.to Regionale Piemonte"]
[Site "Torino ITA"]
[Date "2008.04.27"]
[Round "9"]
[White "Angioni, Gian Carlo"]
[Black "Leoni, Alessandro"]
[Result "1-0"]
[WhiteElo "1825"]
[BlackElo "1897"]
[PlyCount "55"]
[EventDate "2008.04.20"]

1. Nf3 Nf6 2. c4 g6 3. g3 Bg7 4. Bg2 O-O 5. O-O d6 6. d4 Nc6 7. Nc3 e5 8. d5
Na5 9. Nd2 c5 10. a3 e4 11. e3 Bg4 12. Qc2 b5 13. b4 cxb4 14. axb4 Nxc4 15.
Nxc4 bxc4 16. Ra6 Bf3 17. Ba3 Qd7 18. b5 Qf5 19. Bxd6 Rfd8 20. Be7 Nxd5 21.
Nxd5 Rxd5 22. b6 Qc8 23. Qa4 c3 24. Rxa7 Rxa7 25. bxa7 Qa8 26. Rb1 c2 27. Qxc2
Be5 28. Rb8+ 1-0

[Event "C.to Regionale Piemonte"]
[Site "Torino ITA"]
[Date "2008.04.27"]
[Round "9"]
[White "Barletta, Mauro"]
[Black "Moncelli, Giorgio"]
[Result "1/2-1/2"]
[WhiteElo "2205"]
[BlackElo "2099"]
[PlyCount "24"]
[EventDate "2008.04.20"]

1. e4 c5 2. Nf3 Nc6 3. g3 g6 4. Bg2 Bg7 5. O-O e6 6. d3 Nge7 7. Re1 d6 8. Nbd2
O-O 9. Nf1 e5 10. c3 d5 11. exd5 Nxd5 12. Qb3 Nc7 1/2-1/2

[Event "C.to Regionale Piemonte"]
[Site "Torino ITA"]
[Date "2008.04.27"]
[Round "9"]
[White "Berutti, Mario"]
[Black "Cavaliere, Simone"]
[Result "0-1"]
[WhiteElo "1757"]
[BlackElo "1895"]
[PlyCount "94"]
[EventDate "2008.04.20"]

1. e4 c5 2. d4 cxd4 3. c3 d5 4. exd5 Qxd5 5. cxd4 Nf6 6. Nc3 Qd6 7. Nb5 Qd8 8.
Bf4 Nd5 9. Rc1 Nc6 10. Bg3 a6 11. Nc3 e6 12. a3 Qb6 13. Bc4 Nxc3 14. bxc3 Bxa3
15. Rb1 Qa5 16. Ne2 Be7 17. O-O O-O 18. Bf4 Rd8 19. Bd2 b5 20. Bd3 Qc7 21. Ng3
e5 22. Qh5 g6 23. Qh6 Bf8 24. Qh4 Ra7 25. Ne4 f5 26. Nf6+ Kh8 27. d5 Be6 28.
Be3 Bxd5 29. Rfd1 Bg8 30. Bc2 Be7 31. Bg5 Kg7 32. Qh6+ Kh8 33. Bb3 Bf8 34. Qh4
Rxd1+ 35. Rxd1 Bxb3 36. Rd7 Qxd7 37. Nxd7 Rxd7 38. g4 Rd1+ 39. Kg2 f4 40. Bf6+
Kg8 41. Qg5 Bd5+ 42. Kh3 Rd3+ 43. f3 Rxf3+ 44. Kg2 Rxc3+ 45. Kf1 Rc1+ 46. Ke2
Nd4+ 47. Kf2 Rc2+ 0-1

[Event "C.to Regionale Piemonte"]
[Site "Torino ITA"]
[Date "2008.04.27"]
[Round "9"]
[White "Carnino, Luca"]
[Black "Gallucci, Alessio"]
[Result "0-1"]
[WhiteElo "1849"]
[BlackElo "2175"]
[PlyCount "46"]
[EventDate "2008.04.20"]

1. e4 c5 2. Nf3 d6 3. d4 cxd4 4. Nxd4 Nf6 5. Nc3 g6 6. Be3 Bg7 7. Qd2 Ng4 8.
Bg5 Nc6 9. Nb3 Be6 10. f3 Nge5 11. O-O-O a5 12. Bh6 Bxh6 13. Qxh6 Qb6 14. Nd5
Bxd5 15. exd5 a4 16. dxc6 axb3 17. cxb7 Rxa2 18. b8=Q+ Qxb8 19. c3 Qa7 20. Bb5+
Kd8 21. Rhe1 Rxb2 22. Rxd6+ exd6 23. Qg5+ Kc8 0-1

[Event "C.to Regionale Piemonte"]
[Site "Torino ITA"]
[Date "2008.04.27"]
[Round "9"]
[White "Fittante, Giuliana"]
[Black "Di Chiara, Mauro"]
[Result "0-1"]
[WhiteElo "1854"]
[BlackElo "1823"]
[PlyCount "155"]
[EventDate "2008.04.20"]

1. c4 c5 2. Nc3 Nf6 3. g3 g6 4. Bg2 Bg7 5. d3 Nc6 6. Nf3 O-O 7. Bd2 Ne8 8. Ne4
d6 9. Bc3 e5 10. Bd2 f5 11. Nc3 Nf6 12. Bg5 h6 13. Bxf6 Bxf6 14. Qd2 Kh7 15. h4
Nd4 16. Ng5+ Kg7 17. Nh3 Qa5 18. Rc1 Rb8 19. e3 Nc6 20. a3 Bd7 21. Nb5 Qxd2+
22. Kxd2 Na5 23. Rc2 a6 24. Nc7 Rfc8 25. Nd5 Bd8 26. b4 cxb4 27. axb4 Nc6 28.
Rb1 a5 29. bxa5 Bxa5+ 30. Ke2 b5 31. Rcb2 bxc4 32. dxc4 Rxb2+ 33. Rxb2 Rb8 34.
Ra2 Rb1 35. f4 e4 36. Kf2 Be1+ 37. Ke2 Bxg3 38. Kd2 Bxh4 39. Kc2 Rb7 40. Ng1
Ne7 41. Nxe7 Bxe7 42. Ne2 Rc7 43. Kb3 Be6 44. Ra4 Rb7+ 45. Kc3 Bf6+ 46. Nd4 Kf7
47. Bf1 g5 48. fxg5 hxg5 49. Kc2 Bxd4 50. exd4 Bd7 51. Ra6 Ke7 52. Ra5 Be6 53.
Kd2 Kf6 54. Ra6 Rd7 55. d5 Bf7 56. Ke3 Ke5 57. Be2 f4+ 58. Kf2 Kd4 59. Bg4 e3+
60. Ke2 Rb7 61. Rxd6 Rb2+ 62. Ke1 Rg2 63. Bf3 Rg1+ 64. Ke2 g4 65. Bxg4 Rxg4 66.
Rf6 Bh5 67. Kf1 Kxc4 68. d6 Kd3 69. d7 e2+ 70. Kf2 e1=Q+ 71. Kxe1 Rg8 72. Rd6+
Ke3 73. Re6+ Kf3 74. Rd6 Rd8 75. Rd3+ Kg2 76. Rd2+ Kg3 77. Rd3+ f3 78. Rd2 0-1

[Event "C.to Regionale Piemonte"]
[Site "Torino ITA"]
[Date "2008.04.27"]
[Round "9"]
[White "Fortino, Fabrizio"]
[Black "Finocchiaro, Gianluca"]
[Result "0-1"]
[WhiteElo "2079"]
[BlackElo "1991"]
[PlyCount "70"]
[EventDate "2008.04.20"]

1. e4 d5 2. exd5 Qxd5 3. Nc3 Qe5+ 4. Nge2 c6 5. d4 Qc7 6. g3 Nf6 7. Bg2 e6 8.
O-O Bd6 9. Nf4 O-O 10. Nd3 Nbd7 11. f4 Qb6 12. Be3 Nd5 13. Bf2 Qa5 14. Ne4 Be7
15. c4 N5f6 16. Nd2 Qf5 17. Qf3 c5 18. d5 exd5 19. cxd5 Nb6 20. Rac1 Nbxd5 21.
Nxc5 b6 22. Nce4 Ba6 23. Rfd1 Rac8 24. Rxc8 Rxc8 25. Ng5 Qc2 26. Qb3 Be2 27.
Re1 Qxd2 28. Bxd5 Nxd5 29. Ne4 Qd3 30. Rxe2 Qxe2 31. Qxd5 Rc1+ 32. Kg2 Qf1+ 33.
Kf3 Qh1+ 34. Kg4 Qd1+ 35. Qxd1 Rxd1 0-1

[Event "C.to Regionale Piemonte"]
[Site "Torino ITA"]
[Date "2008.04.27"]
[Round "9"]
[White "Giacomasso, Enrico"]
[Black "Sorcinelli, Francesco"]
[Result "1-0"]
[WhiteElo "1970"]
[BlackElo "2078"]
[PlyCount "77"]
[EventDate "2008.04.20"]

1. e4 c5 2. Nf3 d6 3. d4 cxd4 4. Nxd4 Nf6 5. Nc3 g6 6. Bc4 Bg7 7. O-O O-O 8. h3
Nxe4 9. Bxf7+ Rxf7 10. Nxe4 h6 11. c3 e5 12. Nb5 d5 13. Ned6 Rd7 14. Qxd5+ Kh7
15. Qc4 Nc6 16. Nxc8 Rxc8 17. Qe4 a6 18. Na3 b5 19. Nc2 Na5 20. Ne3 Nb7 21. Ng4
Nc5 22. Qe2 Nd3 23. Be3 b4 24. cxb4 e4 25. a3 h5 26. Nh2 Rdc7 27. Bb6 Nf4 28.
Qxe4 Qh4 29. Kh1 Rc4 30. Qf3 Bxb2 31. Rad1 Ne6 32. Qf7+ Ng7 33. Rd6 Qe4 34. Nf3
Qf5 35. Qe7 Rc1 36. Rdd1 Re8 37. Qb7 Rc3 38. Bd4 Rxf3 39. Qxg7# 1-0

[Event "C.to Regionale Piemonte"]
[Site "Torino ITA"]
[Date "2008.04.27"]
[Round "9"]
[White "Malano, Francesco"]
[Black "Sorgi, Paolo"]
[Result "0-1"]
[WhiteElo "1939"]
[BlackElo "1922"]
[PlyCount "114"]
[EventDate "2008.04.20"]

1. b3 d5 2. Bb2 Nf6 3. f4 c5 4. e3 Nc6 5. Bb5 Bg4 6. Nf3 e6 7. O-O Bd6 8. d3
O-O 9. Bxc6 bxc6 10. Nbd2 Nd7 11. Qe1 f6 12. Qg3 Bh5 13. e4 e5 14. Qh3 Bf7 15.
f5 Rb8 16. c4 Nb6 17. Bc3 Qe7 18. g4 Bc7 19. Rae1 Rfd8 20. g5 d4 21. gxf6 gxf6
22. Ba5 Na8 23. Bxc7 Nxc7 24. Kh1 Kh8 25. Rg1 Rg8 26. Nh4 Rxg1+ 27. Rxg1 Rg8
28. Ng6+ Bxg6 29. Rxg6 Rxg6 30. fxg6 Ne6 31. Nf3 Nf4 32. Qc8+ Kg7 33. gxh7 Kxh7
34. Qf5+ Kg8 35. Qg4+ Qg7 36. Qxg7+ Kxg7 37. Ne1 Kg6 38. a3 a5 39. Kg1 Ne2+ 40.
Kf2 Nc1 41. h3 Nxb3 42. Ke2 Nc1+ 43. Kd2 Na2 44. Nf3 Nc3 45. Kc2 Kh5 46. Kb3
a4+ 47. Kc2 Ne2 48. Nh2 Nf4 49. Ng4 Kg5 50. Nf2 Ng2 51. Nd1 Ne3+ 52. Nxe3 dxe3
53. Kd1 Kh4 54. Ke2 Kxh3 55. Kxe3 Kg3 56. Ke2 Kg2 57. Ke3 Kf1 0-1

[Event "C.to Regionale Piemonte"]
[Site "Torino ITA"]
[Date "2008.04.27"]
[Round "9"]
[White "Martin, Tiziano"]
[Black "Gussone, Claudio"]
[Result "1/2-1/2"]
[WhiteElo "1977"]
[BlackElo "1853"]
[PlyCount "82"]
[EventDate "2008.04.20"]

1. d4 d6 2. Nf3 Nf6 3. Bg5 Nbd7 4. Nbd2 g6 5. e4 Bg7 6. Be2 O-O 7. c3 c6 8. Qc2
e5 9. dxe5 dxe5 10. Nc4 Qe7 11. Rd1 h6 12. Bh4 g5 13. Bg3 Nh5 14. Ne3 Nxg3 15.
hxg3 Nb6 16. g4 Be6 17. Nf5 Bxf5 18. gxf5 Rad8 19. g4 Rxd1+ 20. Qxd1 Rd8 21.
Qc2 Qd6 22. O-O Qe7 23. Rd1 Rxd1+ 24. Qxd1 Qd7 25. Qb3 Nc8 26. Nh2 b5 27. Nf1
Bf8 28. Ng3 Qd2 29. Qd1 Qxb2 30. Qd7 Nd6 31. Qxc6 Qxa2 32. Bxb5 Nxb5 33. Qxb5
Qa1+ 34. Kg2 Qxc3 35. Qb8 Qd4 36. Qa8 Qb6 37. Nh5 a5 38. Qd5 Qd4 39. Nf6+ Kg7
40. Ne8+ Kg8 41. Nf6+ Kg7 1/2-1/2

[Event "C.to Regionale Piemonte"]
[Site "Torino ITA"]
[Date "2008.04.27"]
[Round "9"]
[White "Medaglia, Enzo"]
[Black "Fassio, Francesco"]
[Result "1-0"]
[WhiteElo "1820"]
[BlackElo "1710"]
[PlyCount "67"]
[EventDate "2008.04.20"]

1. e4 e5 2. Nf3 Nf6 3. Nc3 Nc6 4. d3 Bb4 5. a3 Ba5 6. b4 Bb6 7. Na4 d6 8. Nxb6
axb6 9. Be2 h6 10. O-O O-O 11. b5 Ne7 12. h3 Ng6 13. Ne1 Nd7 14. c3 Nc5 15. Qc2
Be6 16. Rb1 f5 17. exf5 Bxf5 18. Bf3 d5 19. g4 Bxd3 20. Nxd3 Nxd3 21. Qxd3 e4
22. Bxe4 dxe4 23. Qxe4 Nh4 24. f4 Re8 25. Qc4+ Kh8 26. Qd4 Qe7 27. Qf2 Qe4 28.
Rb4 Qe7 29. f5 Qf6 30. Bb2 Qg5 31. Rf4 Rad8 32. c4 Rd3 33. f6 gxf6 34. Bxf6+
1-0

[Event "C.to Regionale Piemonte"]
[Site "Torino ITA"]
[Date "2008.04.27"]
[Round "9"]
[White "Militello, Michele"]
[Black "Sola, Giuseppe"]
[Result "1-0"]
[WhiteElo "1893"]
[BlackElo "1989"]
[PlyCount "69"]
[EventDate "2008.04.20"]

1. d4 d5 2. Nf3 Nf6 3. e3 g6 4. Nbd2 Bg7 5. Bd3 Qd6 6. e4 dxe4 7. Nxe4 Nxe4 8.
Bxe4 c5 9. dxc5 Qxc5 10. O-O Nc6 11. c3 O-O 12. Be3 Qh5 13. Qc2 Bg4 14. h3 Bxf3
15. Bxf3 Qa5 16. Rfd1 Rfd8 17. Qb3 Qc7 18. Qc4 Rac8 19. Bxc6 bxc6 20. Qa6 Rb8
21. Rxd8+ Qxd8 22. Qxc6 Rxb2 23. Bxa7 Rc2 24. Bb6 Qd2 25. Qe8+ Bf8 26. Be3 Qxc3
27. Rd1 Qc6 28. Rd8 Kg7 29. Bh6+ Kxh6 30. Qxf8+ Kh5 31. Qxe7 Rc1+ 32. Kh2 Rh1+
33. Kg3 Qc3+ 34. f3 h6 35. Qh4# 1-0

[Event "C.to Regionale Piemonte"]
[Site "Torino ITA"]
[Date "2008.04.27"]
[Round "9"]
[White "Parodi, Alessandro"]
[Black "Torrione, William"]
[Result "1-0"]
[WhiteElo "2041"]
[BlackElo "1935"]
[PlyCount "52"]
[EventDate "2008.04.20"]

1. d4 f5 2. c4 Nf6 3. g3 e6 4. Bg2 c6 5. Nf3 Bb4+ 6. Bd2 Bxd2+ 7. Nbxd2 d5 8.
O-O O-O 9. Ne5 Nbd7 10. Ndf3 Nxe5 11. Nxe5 Nd7 12. Qb3 Nxe5 13. dxe5 f4 14.
Rad1 Qa5 15. e4 dxe4 16. Bxe4 Qxe5 17. Qd3 Qh5 18. g4 Qxg4+ 19. Kh1 Qh5 20. Rg1
e5 21. c5 Be6 22. Bf3 Qh4 23. Qe2 Rf6 24. Qxe5 Raf8 25. Rd6 Bf5 26. Qe7 Rg6 1-0

[Event "C.to Regionale Piemonte"]
[Site "Torino ITA"]
[Date "2008.04.27"]
[Round "9"]
[White "Pitrola, Carlo"]
[Black "Trusso Cafarello, Sebastiano"]
[Result "1/2-1/2"]
[WhiteElo "1827"]
[BlackElo "1521"]
[PlyCount "68"]
[EventDate "2008.04.20"]

1. d4 Nf6 2. c4 e6 3. Nc3 Bb4 4. Qc2 d5 5. e3 c5 6. Nf3 cxd4 7. exd4 Bxc3+ 8.
Qxc3 O-O 9. Bg5 h6 10. Bh4 Ne4 11. Qc2 Qa5+ 12. Nd2 Nxd2 13. Qxd2 Qxd2+ 14.
Kxd2 dxc4 15. Bxc4 Nc6 16. Ke3 Nb4 17. Rac1 Nd5+ 18. Ke2 Bd7 19. Rhd1 Bc6 20.
f3 Rfc8 21. a3 a6 22. Bg3 b5 23. Ba2 b4 24. Bxd5 Bxd5 25. axb4 Rc4 26. Bd6 Rac8
27. Bc5 Rxc1 28. Rxc1 Bc6 29. Ke3 Bb5 30. f4 f6 31. Kf2 Kf7 32. Re1 g6 33. g4
Re8 34. h4 f5 1/2-1/2

[Event "C.to Regionale Piemonte"]
[Site "Torino ITA"]
[Date "2008.04.27"]
[Round "9"]
[White "Quagliana, Giuseppe"]
[Black "Tallarico, Pierfrancesco"]
[Result "1-0"]
[WhiteElo "2071"]
[BlackElo "1882"]
[PlyCount "111"]
[EventDate "2008.04.20"]

1. d4 Nf6 2. Bf4 e6 3. e3 c5 4. c3 d5 5. Nd2 Bd6 6. Bxd6 Qxd6 7. f4 b6 8. Bd3
Ba6 9. Qa4+ Qd7 10. Qxd7+ Nfxd7 11. Ke2 Bxd3+ 12. Kxd3 Nc6 13. Ngf3 f6 14. e4
O-O 15. exd5 exd5 16. a3 Rfe8 17. Rhe1 Kf7 18. c4 cxd4 19. cxd5 Nc5+ 20. Kc2
d3+ 21. Kc3 Ne7 22. b4 Nb7 23. Kxd3 Nxd5 24. g3 Red8 25. Nd4 Rac8 26. Rac1 Ne7
27. N2f3 Nc6 28. Re3 Nxd4 29. Rxc8 Rxc8 30. Nxd4 Rd8 31. Kc3 Rd7 32. f5 Nd8 33.
Kc4 a6 34. b5 axb5+ 35. Nxb5 Nc6 36. Re6 Ne5+ 37. Kc3 g6 38. Rxb6 gxf5 39. a4
Rd3+ 40. Kc2 Rf3 41. a5 Rf2+ 42. Kb3 f4 43. gxf4 Rf3+ 44. Nc3 Nd7 45. Rc6 Rxf4
46. a6 Rg4 47. a7 Rg8 48. Nb5 Ra8 49. Kb4 Ke7 50. Ra6 Kd8 51. Rc6 Ke7 52. Kc3
Ne5 53. Rc7+ Nd7 54. Kd3 Ke6 55. Rb7 Rd8 56. Nc7+ 1-0

[Event "C.to Regionale Piemonte"]
[Site "Torino ITA"]
[Date "2008.04.27"]
[Round "9"]
[White "Rasulo, Stefano"]
[Black "Termini, Luigi Robert"]
[Result "1-0"]
[WhiteElo "1614"]
[BlackElo "1459"]
[PlyCount "119"]
[EventDate "2008.04.20"]

1. e4 c5 2. Nf3 Nc6 3. d4 cxd4 4. Nxd4 g6 5. Nc3 Bg7 6. Be3 Nf6 7. f3 O-O 8.
Qd2 Re8 9. Bc4 Ne5 10. Bb3 a6 11. h4 h5 12. Bh6 d6 13. Bxg7 Kxg7 14. Qg5 e6 15.
O-O-O Bd7 16. Rd2 b5 17. Rhd1 b4 18. Nce2 a5 19. c3 a4 20. Bc2 Nc4 21. Rd3 a3
22. bxa3 bxa3 23. Rf1 Qb6 24. Bb3 Ba4 25. Kc2 Bxb3+ 26. Nxb3 Nb2 27. Rd2 Nd7
28. g4 f6 29. Qf4 e5 30. Qg3 Rh8 31. gxh5 Rxh5 32. Qg4 Nf8 33. Ng3 Nc4 34.
Nxh5+ Kh6 35. Re2 Ne3+ 36. Rxe3 Qxe3 37. Nxf6 Rb8 38. Qg5+ Qxg5 39. hxg5+ Kxg5
40. Ng4 Ne6 41. Rb1 Kf4 42. Nd2 Rc8 43. Kd3 Nc5+ 44. Kc2 Ne6 45. Kb3 Ng5 46.
Rf1 Rc7 47. Nc4 Nxf3 48. Nh2 Kg3 49. Nxf3 Kg2 50. Nfd2 g5 51. Nxd6 g4 52. N6c4
g3 53. Nxe5 Kh3 54. Rg1 g2 55. Ndf3 Kg3 56. Ne1 Kf2 57. N5f3 Rg7 58. Rxg2+ Rxg2
59. Nxg2 Kxf3 60. e5 1-0

[Event "C.to Regionale Piemonte"]
[Site "Torino ITA"]
[Date "2008.04.27"]
[Round "9"]
[White "Saccona, Silvano"]
[Black "Boetto, Massimo"]
[Result "1/2-1/2"]
[WhiteElo "2178"]
[BlackElo "2022"]
[PlyCount "80"]
[EventDate "2008.04.20"]

1. d4 Nf6 2. Bf4 g6 3. Nf3 Bg7 4. e3 O-O 5. c3 d6 6. Bc4 b6 7. Nbd2 Bb7 8. O-O
Nbd7 9. Qb3 h6 10. h3 e6 11. Bh2 Qe7 12. a4 a6 13. Qa3 Ne4 14. Nxe4 Bxe4 15.
Nd2 Bb7 16. Be2 e5 17. Rae1 e4 18. f3 f5 19. fxe4 fxe4 20. Rxf8+ Rxf8 21. Rf1
Rxf1+ 22. Nxf1 Nf6 23. a5 b5 24. c4 bxc4 25. Bxc4+ Kh7 26. Qb3 c5 27. dxc5 dxc5
28. Qb6 Nd5 29. Qa7 Nb4 30. b3 Nc6 31. Qb6 Bc3 32. Bxa6 Bxa6 33. Qxa6 Nxa5 34.
Bd6 Qb7 35. Qxb7+ Nxb7 36. Bc7 Be1 37. Nh2 h5 38. Kf1 Ba5 39. Be5 Bb4 40. Bc7
Ba5 1/2-1/2